The Influence of the Ratio of Precursors on the Powdered Product of Plasmodynamic Synthesis in the System Ti-B; Key Engineering Materials; Vol. 769 : High Technology: Research and Applications (HTRA 2017)

Bibliographische Detailangaben
Parent link:Key Engineering Materials: Scientific Journal
Vol. 769 : High Technology: Research and Applications (HTRA 2017).— 2018.— [102-107]
1. Verfasser: Gerasimov D. Yu. Dmitry Yurievich
Körperschaft: Национальный исследовательский Томский политехнический университет Инженерная школа энергетики Отделение электроэнергетики и электротехники (ОЭЭ)
Weitere Verfasser: Pogorelova S. Sophia, Tsimmerman (Cimmerman) A. I. Aleksandr Igorevich
Zusammenfassung:Title screen
The present work reported a novel way of making nanocrystalline Ti-B phases (titanium boride and titanium diboride) in a hypersonic plasma jet. According to the purpose to synthesize nanosized Ti-B phases, experiments with different mass proportions of precursors were implemented. The optimal ratio of precursors, which leads to the yield of titanium diboride is 93.2% and the average particle size, doesn`t exceed 56.1 nm, is the ratio of Ti: B of 26.7: 73.3.
Режим доступа: по договору с организацией-держателем ресурса
Sprache:Englisch
Veröffentlicht: 2018
Schlagworte:
Online-Zugang:https://doi.org/10.4028/www.scientific.net/KEM.769.102
Format: MixedMaterials Elektronisch Buchkapitel
KOHA link:https://koha.lib.tpu.ru/cgi-bin/koha/opac-detail.pl?biblionumber=658636

MARC

LEADER 00000nla2a2200000 4500
001 658636
005 20241029112216.0
035 |a (RuTPU)RU\TPU\network\26593 
035 |a RU\TPU\network\26584 
090 |a 658636 
100 |a 20181029a2018 k y0engy50 ba 
101 0 |a eng 
105 |a y z 100zy 
135 |a drgn ---uucaa 
181 0 |a i  
182 0 |a b 
200 1 |a The Influence of the Ratio of Precursors on the Powdered Product of Plasmodynamic Synthesis in the System Ti-B  |f D. Yu. Gerasimov, S. Pogorelova, A. I. Tsimmerman (Cimmerman) 
203 |a Text  |c electronic 
300 |a Title screen 
330 |a The present work reported a novel way of making nanocrystalline Ti-B phases (titanium boride and titanium diboride) in a hypersonic plasma jet. According to the purpose to synthesize nanosized Ti-B phases, experiments with different mass proportions of precursors were implemented. The optimal ratio of precursors, which leads to the yield of titanium diboride is 93.2% and the average particle size, doesn`t exceed 56.1 nm, is the ratio of Ti: B of 26.7: 73.3. 
333 |a Режим доступа: по договору с организацией-держателем ресурса 
461 0 |0 (RuTPU)RU\TPU\network\11477  |t Key Engineering Materials  |o Scientific Journal 
463 0 |0 (RuTPU)RU\TPU\network\26539  |t Vol. 769 : High Technology: Research and Applications (HTRA 2017)  |o The VI International Science and Engineering Conference, November 27-29, 2017, Tomsk, Russia  |o [proceedings]  |f National Research Tomsk Polytechnic University (TPU) ; eds. G. E. Osokin ; E. A. Kulinich  |v [102-107]  |d 2018 
610 1 |a электронный ресурс 
610 1 |a труды учёных ТПУ 
610 1 |a Coaxial Magnetoplasma Accelerator 
610 1 |a Plasmodynamic Synthesis 
610 1 |a Titanium Boride 
610 1 |a Titanium Diboride 
610 1 |a коаксиальные ускорители 
610 1 |a магнитоплазменные ускорители 
610 1 |a диборид титана 
610 1 |a плазмодинамический синтез 
610 1 |a плазменные струи 
700 1 |a Gerasimov  |b D. Yu.  |c Specialist in the field of electric power engineering  |c Associate Professor of Tomsk Polytechnic University, Candidate of technical sciences  |f 1980-  |g Dmitry Yurievich  |3 (RuTPU)RU\TPU\pers\32276  |9 16265 
701 1 |a Pogorelova  |b S.  |g Sophia 
701 1 |a Tsimmerman (Cimmerman)  |b A. I.  |c electric power specialist  |c engineer of Tomsk Polytechnic University  |f 1996-  |g Aleksandr Igorevich  |3 (RuTPU)RU\TPU\pers\46726  |9 22362 
712 0 2 |a Национальный исследовательский Томский политехнический университет  |b Инженерная школа энергетики  |b Отделение электроэнергетики и электротехники (ОЭЭ)  |3 (RuTPU)RU\TPU\col\23505 
801 2 |a RU  |b 63413507  |c 20210118  |g RCR 
856 4 |u https://doi.org/10.4028/www.scientific.net/KEM.769.102 
942 |c CF